000 00481nam a2200181Ia 4500
008 240925s9999 xx 000 0 und d
020 _a71157700
082 _a003.3 KEL
100 _aKelton, W .David
245 0 _aSimulation with Arena
250 _aNA
260 _aBoston:
_bMC Graw-Hill
_c,1998.
300 _axxiii,890p.
_bNA
_fPhotocopy
500 _aIncludes Index
600 _aComputer Science
650 _aComputer science, information & general works
942 _cBK
999 _c7257
_d7257